[Event "Nis op"]
[Site "Nis"]
[Date "2016.06.29"]
[Round "2"]
[White "Stefanov, Emil"]
[Black "Rolj, Petar"]
[Result "1-0"]
[WhiteElo "2205"]
[BlackElo "1969"]
[PlyCount "104"]
[EventDate "2016.06.28"]
[EventType "swiss"]
[EventRounds "9"]
[EventCountry "YUG"]
[SourceTitle "CBM 173 Extra"]
[Source "ChessBase"]
[SourceDate "2016.08.29"]
[SourceVersion "1"]
[SourceVersionDate "2016.08.29"]
[SourceQuality "1"]

1. d4 d5 2. c4 e6 3. Nf3 c6 4. Qc2 h6 5. g3 Bb4+ 6. Bd2 Bxd2+ 7. Nbxd2 Ne7 8. Bg2 Ng6 9. 0-0 0-0 10. e4 Nd7 11. Rad1 Qe7 12. Rfe1 Qd8 13. h4 Nf6 14. e5 Nd7 15. Bh3 b6 16. Bxe6 Ngxe5 17. dxe5 fxe6 18. Nd4 Qe7 19. cxd5 cxd5 20. Qc6 Rb8 21. Nxe6 Re8 22. Nc7 Bb7 23. Qd6 Qxd6 24. exd6 Red8 25. Ne6 Re8 26. Nb3 Kf7 27. Nc7 Re5 28. Nd4 g6 29. Rxe5 Nxe5 30. Re1 Kf6 31. f4 Nc6 32. Nxd5+ Kf7 33. Nxc6 Bxc6 34. Re7+ Kf8 35. Nc7 Kg8 36. Ne6 Rc8 37. Rg7+ Kh8 38. Rxg6 Bd7 39. f5 a5 40. Rxh6+ Kg8 41. Rg6+ Kh8 42. Rf6 Kg8 43. Kf2 b5 44. Nc5 Rd8 45. Nxd7 Rxd7 46. g4 b4 47. Ke3 a4 48. Kd4 Kg7 49. Re6 Kf8 50. Kc4 Rb7 51. g5 a3 52. b3 Rf7 1-0

[Event "Nis Pantelej op 3rd"]
[Site "Nis"]
[Date "2015.08.04"]
[Round "2"]
[White "Jankovic, Uros"]
[Black "Rolj, Petar"]
[Result "1-0"]
[WhiteElo "1792"]
[BlackElo "2025"]
[PlyCount "75"]
[EventDate "2015.08.04"]
[EventType "swiss"]
[EventRounds "9"]
[EventCountry "SRB"]
[SourceTitle "EXT 2016"]
[Source "ChessBase"]
[SourceDate "2015.10.08"]
[SourceVersion "1"]
[SourceVersionDate "2015.10.08"]
[SourceQuality "1"]

1. d4 d5 2. c4 e6 3. Nc3 c6 4. e3 Bb4 5. Qc2 Ne7 6. b3 0-0 7. Nf3 Ng6 8. Bb2 Nd7 9. a3 Ba5 10. Be2 f5 11. 0-0 Nf6 12. b4 Bc7 13. Rac1 Ne4 14. b5 Nxc3 15. Qxc3 Bd7 16. bxc6 Bxc6 17. Qc2 Rc8 18. Qd1 Kh8 19. g3 Qf6 20. cxd5 exd5 21. Qb3 f4 22. Bd3 Qe6 23. Bxg6 Qxg6 24. Ne5 Bxe5 25. dxe5 f3 26. Qb4 Qe6 27. Qh4 h6 28. g4 Kh7 29. h3 g5 30. Qg3 Bb5 31. Rfe1 Be2 32. Kh2 Qg6 33. Qg1 Qb6 34. Bd4 Qa5 35. Rxc8 Rxc8 36. Rc1 Re8 37. Rc5 Qd8 38. Qb1+ 1-0

[Event "Nis Pantelej op 2nd"]
[Site "Nis"]
[Date "2014.08.06"]
[Round "5"]
[White "Krstic, Andrija Marko"]
[Black "Rolj, Petar"]
[Result "0-1"]
[WhiteElo "1788"]
[BlackElo "2057"]
[PlyCount "70"]
[EventDate "2014.08.03"]
[EventType "swiss"]
[EventRounds "9"]
[EventCountry "SRB"]
[SourceTitle "CBM 162 Extra"]
[Source "ChessBase"]
[SourceDate "2014.10.17"]
[SourceVersion "1"]
[SourceVersionDate "2014.10.17"]
[SourceQuality "1"]

1. e4 e5 2. Nf3 Nc6 3. Bb5 Bc5 4. 0-0 Nge7 5. c3 a6 6. Ba4 d5 7. Nxe5 0-0 8. Nxc6 bxc6 9. d4 Bb6 10. exd5 cxd5 11. Re1 h6 12. Nd2 c5 13. Nf3 Bg4 14. dxc5 Bxc5 15. Be3 Bd6 16. h3 Bh5 17. Qe2 f5 18. Bd1 Ng6 19. Qd2 Kh7 20. Nd4 Bxd1 21. Ne6 Qf6 22. Nxf8+ Rxf8 23. Raxd1 f4 24. Bd4 Qg5 25. f3 Nh4 26. Kh1 Nf5 27. Re6 Kh8 28. Rde1 Qh5 29. Be5 Ng3+ 30. Kh2 Bxe5 31. R6xe5 Qxe5 32. Rxe5 Nf1+ 33. Kg1 Nxd2 34. Rxd5 Nc4 35. b3 Ne3 0-1

[Event "Nis Art Faculty op"]
[Site "Nis"]
[Date "2013.08.07"]
[Round "6"]
[White "Rolj, Petar"]
[Black "Livaja, Mario"]
[Result "0-1"]
[WhiteElo "2057"]
[BlackElo "2221"]
[PlyCount "74"]
[EventDate "2013.08.03"]
[EventType "swiss"]
[EventRounds "7"]
[EventCountry "SRB"]
[SourceTitle "EXT 2015"]
[Source "ChessBase"]
[SourceDate "2014.11.20"]
[SourceVersion "1"]
[SourceVersionDate "2014.11.20"]
[SourceQuality "1"]

1. e4 c5 2. Nf3 Nc6 3. d4 cxd4 4. Nxd4 Qc7 5. Nc3 e6 6. a3 a6 7. Be3 Nf6 8. Bd3 Ne5 9. 0-0 Neg4 10. Nf3 Nxe3 11. fxe3 Bc5 12. Qe2 Ng4 13. Nd1 b5 14. h3 Ne5 15. Kh1 Bb7 16. Ng5 h6 17. Nf3 0-0 18. Nxe5 Qxe5 19. Qg4 Bd6 20. Qf4 Qc5 21. Qh4 Rac8 22. Rc1 Bb8 23. Qg4 Qd6 24. Rf4 Rc5 25. h4 f5 26. exf5 exf5 27. Qh3 Qe7 28. Rd4 Re5 29. Rb4 Ba7 30. Rb3 f4 31. Be2 fxe3 32. Rd3 Bc6 33. Nc3 Rf4 34. Bg4 e2 35. Nxe2 Rxe2 36. Bxe2 Qxe2 37. Rg3 Rf1+ 0-1

[Event "Nis op"]
[Site "Nis"]
[Date "2012.03.16"]
[Round "6"]
[White "Rolj, Petar"]
[Black "Djukic, Sandra"]
[Result "0-1"]
[WhiteElo "1998"]
[BlackElo "2203"]
[PlyCount "92"]
[EventDate "2012.03.11"]
[EventType "swiss"]
[EventRounds "9"]
[EventCountry "SRB"]
[SourceTitle "CBM 147 Extra"]
[Source "ChessBase"]
[SourceDate "2012.04.24"]
[SourceVersion "1"]
[SourceVersionDate "2012.04.24"]
[SourceQuality "1"]

1. e4 c5 2. Nf3 Nc6 3. d4 cxd4 4. Nxd4 Qc7 5. Nc3 e6 6. a3 a6 7. Be3 Nf6 8. Bd3 Ne5 9. h3 b5 10. 0-0 Bb7 11. Kh1 Nc4 12. Bc1 h5 13. f3 h4 14. f4 Nh5 15. Kh2 g5 16. Rf3 gxf4 17. Bxc4 Qxc4 18. Qd3 Rc8 19. Bd2 Bg7 20. Nde2 Ng3 21. Nxg3 fxg3+ 22. Kh1 Qxd3 23. cxd3 Bd4 24. Raf1 Rh7 25. Rf4 Ke7 26. Rg4 f6 27. Rff4 Rch8 28. Rf1 d6 29. Rb1 Kf7 30. Rf4 Rh5 31. Rf3 d5 32. exd5 Bxd5 33. Rff1 Rd8 34. Ne2 Bf2 35. Rbc1 e5 36. Rc7+ Kg6 37. Bb4 Rf5 38. Be7 Re8 39. Bb4 e4 40. Bd2 exd3 41. Nf4+ Rxf4 42. Bxf4 Re2 43. Rcc1 Bd4 44. Rg1 Bxg1 45. Rxg1 d2 46. b4 Bxg2+ 0-1

[Event "Nis op"]
[Site "Nis"]
[Date "2011.06.01"]
[Round "8"]
[White "Ristic, Nebojsa B"]
[Black "Rolj, Petar"]
[Result "1-0"]
[WhiteElo "2373"]
[BlackElo "1992"]
[PlyCount "107"]
[EventDate "2011.05.24"]
[EventType "swiss"]
[EventRounds "9"]
[EventCountry "SRB"]
[SourceTitle "CBM 142 Extra"]
[Source "ChessBase"]
[SourceDate "2011.06.27"]
[SourceVersion "1"]
[SourceVersionDate "2011.06.27"]
[SourceQuality "1"]

1. d4 d5 2. c4 c6 3. Nf3 e6 4. Nc3 dxc4 5. a4 Bb4 6. g3 Ne7 7. Bg2 Nd5 8. Bd2 Qa5 9. Qc2 h6 10. 0-0 Nd7 11. Ne4 0-0 12. Qxc4 Bxd2 13. Nexd2 a6 14. e4 N5f6 15. b4 Qd8 16. a5 Qe7 17. Qc3 Rd8 18. Rfe1 Nf8 19. Nc4 Ng6 20. Rad1 Rb8 21. Nfe5 Nxe5 22. dxe5 Ne8 23. f4 Nc7 24. Nd6 Nb5 25. Qc5 Bd7 26. Nxb7 Re8 27. Qxe7 Rxe7 28. Nc5 Be8 29. Nxa6 Ra8 30. Nc5 Rb8 31. Re3 Ra7 32. Rb3 Kf8 33. Bf1 Ke7 34. Bxb5 cxb5 35. Rd6 g6 36. Rbd3 Raa8 37. Kf2 Rc8 38. f5 gxf5 39. exf5 exf5 40. Rxh6 Rxc5 41. bxc5 Rxa5 42. Ke3 Bd7 43. Rb6 Be6 44. Rb7+ Kf8 45. c6 b4 46. Kf4 Rc5 47. Kg5 Kg7 48. Rd6 Rxe5 49. c7 Bc8 50. Rb8 Re8 51. Rd8 f6+ 52. Kf4 Re4+ 53. Kf3 Ba6 54. c8Q 1-0

[Event "Nis City-ch"]
[Site "Nis"]
[Date "2010.05.31"]
[Round "7"]
[White "Rolj, Petar"]
[Black "Stojadinovic, Tomislav"]
[Result "1-0"]
[WhiteElo "1996"]
[BlackElo "1938"]
[PlyCount "58"]
[EventDate "2010.05.25"]
[EventType "swiss"]
[EventRounds "9"]
[EventCountry "YUG"]
[SourceTitle "CBM 136 Extra"]
[Source "ChessBase"]
[SourceDate "2010.07.02"]
[SourceVersion "2"]
[SourceVersionDate "2010.07.15"]
[SourceQuality "1"]

1. e4 e6 2. Nf3 g6 3. d4 Bg7 4. Be3 c6 5. Nc3 b5 6. a3 a5 7. Bd3 d6 8. d5 Bxc3+ 9. bxc3 Bb7 10. Nd4 e5 11. Nxc6 Nxc6 12. Bxb5 Ke7 13. dxc6 Ba6 14. a4 Nf6 15. Qf3 h6 16. c4 Kf8 17. Rd1 Kg7 18. Bc5 Ne8 19. 0-0 Qc7 20. Ba3 Bc8 21. h3 f5 22. Qc3 Kh7 23. Bb2 f4 24. c5 Rf8 25. cxd6 Nxd6 26. Qc5 Rf6 27. Bxe5 Nxe4 28. Qd4 Qe7 29. Qxe4 Bf5 1-0

[Event "SRB-chT2 East"]
[Site "Golubac"]
[Date "2008.09.21"]
[Round "2.4"]
[White "Rolj, Petar"]
[Black "Zivkovic, Nemanja"]
[Result "1/2-1/2"]
[WhiteElo "2061"]
[BlackElo "2072"]
[PlyCount "81"]
[EventDate "2008.09.14"]
[EventType "team"]
[EventRounds "11"]
[EventCountry "SRB"]
[SourceTitle "EXT 2012"]
[Source "ChessBase"]
[SourceDate "2011.11.24"]
[SourceVersion "1"]
[SourceVersionDate "2011.11.24"]
[SourceQuality "1"]

1. e4 c5 2. Nf3 e6 3. d4 cxd4 4. Nxd4 a6 5. Nc3 Qc7 6. a3 Nf6 7. Be3 b5 8. Bd3 Bb7 9. 0-0 Nc6 10. Kh1 Ne5 11. h3 Nc4 12. Bxc4 Qxc4 13. e5 Nd5 14. Qf3 d6 15. exd6 Bxd6 16. Nxd5 Qxd5 17. Qxd5 Bxd5 18. c3 f6 19. f4 Kf7 20. Rad1 Rhd8 21. f5 e5 22. Nxb5 Bxg2+ 23. Kxg2 axb5 24. Bb6 Rd7 25. Rd5 Rb8 26. Bc5 Ke7 27. Rfd1 Rbd8 28. Bb6 Bc7 29. Bc5+ Ke8 30. Rxd7 Rxd7 31. Rxd7 Kxd7 32. Kf3 Bd6 33. Bf2 g6 34. Ke4 Kc6 35. Be3 Bc5 36. Bc1 Bf2 37. b3 gxf5+ 38. Kxf5 Kd5 39. Kxf6 e4 40. Kf5 e3 41. Kf4 1/2-1/2

[Event "Nis op"]
[Site "Nis"]
[Date "2004.05.28"]
[Round "1"]
[White "Rolj, Petar"]
[Black "Kostic, Nebojsa"]
[Result "0-1"]
[WhiteElo "2076"]
[BlackElo "2349"]
[PlyCount "34"]
[EventDate "2004.05.28"]
[EventType "swiss"]
[EventRounds "9"]
[EventCountry "YUG"]
[SourceTitle "EXT 2005"]
[Source "ChessBase"]
[SourceDate "2004.11.15"]
[SourceVersion "1"]
[SourceVersionDate "2004.11.15"]
[SourceQuality "1"]

1. e4 Nc6 2. d4 d5 3. exd5 Qxd5 4. c3 e5 5. Be3 Nf6 6. f3 Bf5 7. c4 Qa5+ 8. Bd2 Qb6 9. dxe5 Bc5 10. Qb3 Bf2+ 11. Kd1 Nxe5 12. Qxb6 axb6 13. Bc3 0-0-0+ 14. Ke2 Nd3 15. f4 Rhe8+ 16. Be5 Bd4 17. Nf3 Nxf4+ 0-1

[Event "YUG-ch sf"]
[Site "Niska Banja"]
[Date "1996.??.??"]
[Round "7"]
[White "Rolj, Petar"]
[Black "Zivkovic, Rajko"]
[Result "0-1"]
[WhiteElo "2115"]
[BlackElo "2240"]
[PlyCount "90"]
[EventDate "1996.??.??"]
[EventType "swiss"]
[EventRounds "11"]
[EventCountry "YUG"]
[SourceTitle "EXT 2002"]
[Source "ChessBase"]
[SourceDate "2001.11.25"]
[SourceVersion "1"]
[SourceVersionDate "2001.11.25"]
[SourceQuality "1"]

1. e4 b6 2. d4 e6 3. a3 c5 4. d5 e5 5. c4 d6 6. Bd3 g6 7. Ne2 Bg7 8. Ng3 Ne7 9. Nc3 0-0 10. 0-0 a6 11. f4 exf4 12. Bxf4 Qc7 13. Qe2 Nd7 14. Kh1 Ne5 15. h3 Bd7 16. Nd1 Rab8 17. Nc3 Rbe8 18. Rab1 Qc8 19. Kh2 h5 20. Rf2 b5 21. Nf1 b4 22. Na2 a5 23. axb4 axb4 24. b3 f5 25. Nd2 Rf7 26. Bg5 Ref8 27. Nf3 f4 28. Bc2 Ng4+ 29. Kh1 Nxf2+ 30. Qxf2 Be5 31. Kh2 Bg4 32. Nxe5 dxe5 33. hxg4 hxg4 34. Kg1 g3 35. Qf3 Rh7 36. Bxe7 Rxe7 37. Kf1 Rh7 38. Ke2 g5 39. Rf1 g4 40. Qd3 f3+ 41. Kd2 Qa6 42. d6 Rd7 43. Qd5+ Rff7 44. Kc1 Qxd6 45. Bd1 Qh6+ 0-1